Загадка озера Кара-нор (Запись № 8285880)

Подробности
000 -МАРКЕР
контрольное поле 02014nam0a22002771 4500
001 - ИДЕНТИФИКАТОР ЗАПИСИ
контрольное поле rc\4895361
005 - ИДЕНТИФИКАТОР ВЕРСИИ
контрольное поле 20130426152318.2
021 ## - НОМЕР ГОСУДАРСТВЕННОЙ РЕГИСТРАЦИИ
Код страны Российская Федерация
Номер [61-17298]
035 ## - ДРУГИЕ СИСТЕМНЫЕ НОМЕРА
Идентификатор записи (NLR Aleph) 008831591
100 ## - ДАННЫЕ ОБЩЕЙ ОБРАБОТКИ
Данные общей обработки 20130426d1961 |||y0rusy50 ca
101 0# - ЯЗЫК РЕСУРСА
Язык текста, звукозаписи и т.д. русский
102 ## - СТРАНА ПУБЛИКАЦИИ ИЛИ ПРОИЗВОДСТВА
Страна публикации Российская Федерация
105 ## - ПОЛЕ КОДИРОВАННЫХ ДАННЫХ: ТЕКСТОВЫЕ МАТЕРИАЛЫ, МОНОГРАФИЧЕСКИЕ
Кодированные данные о монографическом текстовом документе a z |||a|
200 1# - ЗАГЛАВИЕ И СВЕДЕНИЯ ОБ ОТВЕТСТВЕННОСТИ
Основное заглавие Загадка озера Кара-нор
Сведения, относящиеся к заглавию Рассказы
Первые сведения об ответственности [Ил.: Г.А. Петров]
210 ## - ПУБЛИКАЦИЯ, РАСПРОСТРАНЕНИЕ И ДР.
Место издания, распространения и т.д. Москва
Имя издателя, распространителя и т. д. Сов. писатель
Дата издания, распространения и т.д. 1961
215 ## - ФИЗИЧЕСКАЯ ХАРАКТЕРИСТИКА
Специфическое обозначение материала и объем 190 с.
Другие сведения о физической характеристике ил.
Размеры 20
327 1# - ПРИМЕЧАНИЯ О СОДЕРЖАНИИ
Текст примечания Содерж.: Что лучше?; Голубая стойка Заратустры; Овидий в изгнании; Трюм и палуба; Возвращение мечты; В орлином гнезде "Старца горы"; Скоморошья потеха; "Демон горы"; "Ватан"; Письмо из скифского стана; Три счастливейших дня Бухары; В песках Каракума; Плавильщики Ванджа; Загадка озера Кара-нор; Партизанская выдержка, или Валенки летом
464 #0 - АНАЛИТИЧЕСКИЙ УРОВЕНЬ
Встроенное поле 2001#$aЧто лучше?$aГолубая стойка Заратустры$aОвидий в изгнании$aТрюм и палуба$aВозвращение мечты$aВ орлином гнезде "Старца горы"$aСкоморошья потеха$a"Демон горы"$a"Ватан"$aПисьмо из скифского стана$aТри счастливейших дня Бухары$aВ песках Каракума$aПлавильщики Ванджа$aЗагадка озера Кара-нор$aПартизанская выдержка, или Валенки летом
700 #1 - ИМЯ ЛИЦА - ПЕРВИЧНАЯ ОТВЕТСТВЕННОСТЬ
Начальный элемент ввода Ян
Часть имени, кроме начального элемента ввода В. Г.
Даты 1875-1954
Расширение инициалов личного имени Василий Григорьевич
Идентификатор авторитетной/нормативной записи RU\NLR\auth\7716860
702 #1 - ИМЯ ЛИЦА - ВТОРИЧНАЯ ОТВЕТСТВЕННОСТЬ
Начальный элемент ввода Петров
Часть имени, кроме начального элемента ввода Г. А.
Код отношения Иллюстратор
801 #0 - ИСТОЧНИК ЗАПИСИ
Страна Российская Федерация
Организация NLR
Правила каталогизации psbo
801 #1 - ИСТОЧНИК ЗАПИСИ
Страна Российская Федерация
Организация ELAR
Источник данных rusmarc
852 ## - МЕСТОНАХОЖДЕНИЕ И ШИФР ХРАНЕНИЯ
Идентификатор организации NLR
Шифр хранения (Call Number) 61-3/1554
942 ## - ДОПОЛНИТЕЛЬНЫЕ ЭЛЕМЕНТЫ ЗАПИСИ (АБИС)
Тип экземпляра АБИС Книга
980 ## - КОЛЛЕКЦИЯ
Название коллекции Национальная библиография
Экземпляры
Тип экземпляра Дата поступления Библиотека постоянного хранения Библиотека текущего хранения Место хранения Шифр хранения Штрих-код Статус экземпляра
Книга 26.10.2013 РНБ (Московский) РНБ (Московский) Русский книжный фонд: издания с 1957 года 61-3/1554 8831591-10